Statistics for WWE Trivia: 1985

Click here to take the quiz!

General Stats

  • This quiz has been taken 18 times
  • The average score is 7 of 20

Answer Stats

QuestionAnswer% Correct
Who won the Body Slam Challenge at WrestleMania?Andre the Giant
83%
Who teamed with Hulk Hogan to win in the main event of WrestleMania against Roddy Piper and Paul Orndorff?Mr. T
58%
Who started managing Randy Savage in July?Miss Elizabeth
50%
Who refereed the WrestleMania Main Event?Muhammad Ali
50%
On May 25th, which modern day Tribal Chief was born?Roman Reigns
50%
Who partnered with Gorilla Monsoon on commentary for WrestleMania?Jesse Ventura
42%
Who won the 16-man tournament at The Wrestling Classic?Junkyard Dog
42%
Who won the PWI award for the most hated wrestler of the year?Roddy Piper
42%
Who won the first ever WrestleMania match?Tito Santana
42%
In which venue did WrestleMania take place?Madison Square Garden
33%
The Masked Spider Lady defeated Wendi Richter to win the WWF Women's Championship in November. Who was The Masked Spider Lady?The Fabulous Moolah
33%
Which future WWF Champion made their in ring debut teaming with Sting as Flash and Justice, also known as The Freedom Fighters?The Ultimate Warrior
33%
Who lost the WWF Intercontinental Championship on July 6th at a house show?Greg Valentine
25%
Which DIC Animation City TV Show started airing on September 14th? Hulk Hogan's...Rock 'n Wrestling
25%
Who won the 1985 King of the Ring?Don Muraco
17%
Who was the older member of the Soul Patrol?Rocky Johnson
17%
Which set of brothers retired from wrestling together in 1985 (Although one would return during the attitude era)?The Brisco Brothers
17%
Who were the sole holders of the WWF International Tag Team Championships when the titles were reactivated on May 24th 1985? Kengo Kimura and...Tatsumi Fujinami
0%
Who came into the year as WWF Tag Team Champions?The North-South Connection
0%
What WWF event took place on February 18th 1985?The War to Settle the Score
0%

Score Distribution

Percentile by Number Answered

Percent of People with Each Score

Your Score History

You have not taken this quiz